000 00275nam a22001337a 4500
008 170727b xxu||||| |||| 00| 0 eng d
020 _a9781587200830
041 _aeng
080 _a004
100 _a31
101 _aSHK
245 _aCCNA ICND
_cODOM,W
942 _2udc
_cBK
999 _c22047
_d22047